000 00327nam a22001337a 4500
008 170527b xxu||||| |||| 00| 0 eng d
020 _a0905451473
041 _aeng
080 _a62
100 _a25
101 _aIM
245 _aAPPLICATIONS OF ARTIFICIAL INTELLIGENCE IN ENGINEERING PROBLEMS
_cSRIRAM, D
942 _2udc
_cBK
999 _c14644
_d14644